| 000 | 00797nam a22002057a 4500 | ||
|---|---|---|---|
| 999 |
_c13576 _d13576 |
||
| 003 | AR-CdUCM | ||
| 008 | 190415b ||||| |||| 00| 0 spa d | ||
| 040 |
_aMUNICIPALIDAD PROVINCIAL DEL CUSCO _cBIBLIOTECA MUNICIPAL DEL CUSCO |
||
| 082 |
_a520.985 / _bB15 |
||
| 100 |
_aBauer, Brian S. _93012 |
||
| 245 | _aAstronomía e imperio en los Andes / | ||
| 260 |
_aCuzco : _bBartolomé de Las Casas, _c1998. |
||
| 300 |
_a230 páginas ; _bFotografías, _c23 cm. |
||
| 505 | _aContenido: Los incas y el cielo -- Relaciones históricas del año y la astronomía solar incaica -- El año -- Los asientos del Sol: los pilares solares del Cuzco... | ||
| 650 |
_aAstronomía _920572 |
||
| 650 |
_aIncas _9303 |
||
| 650 |
_aAstronomía cusqueños _932037 |
||
| 942 |
_2ddc _cLIBROS |
||
| 945 |
_adavv _d15/04/2019 |
||